Bach: el niño creador

Guardat en:
Dades bibliogràfiques
Autors principals: Wheeler, Opal (Autor), Deucher, Sybil (Autor)
Format: Llibre
Idioma:espanyol
Publicat: Buenos Aires Ediciones Anaconda 1941
Edició:12a. ed
Col·lecció:Biblioteca la Música y el Arte en los Niños
Matèries:
Etiquetes: Afegir etiqueta
Sense etiquetes, Sigues el primer a etiquetar aquest registre!

MARC

LEADER 00000cam a2200000 a 4500
001 UCE4658
003 CL-VaPUC
005 20240628155538.0
008 141107e19410000ag |||||||||||||||||spa|d
999 |c 357538  |d 357536 
040 |c Pontificia Universidad Católica de Valparaíso 
082 0 4 |a 927.780 WHE 1941  |2 21 
100 0 |a Wheeler, Opal  |e author  |9 577217 
245 1 0 |a Bach: el niño creador 
250 |a 12a. ed 
260 |a Buenos Aires  |b Ediciones Anaconda  |c 1941 
300 |a 114 p 
490 0 |a Biblioteca la Música y el Arte en los Niños 
500 |a Versión castellana de José Salas Subirat 
583 |a last modification  |c 20141107 12:15:00  |k Rodrigo Vera 
600 0 |a Bach, Johann Sebastian  |d 1685-1750  |e compositor  |9 269760 
650 0 |a Biografías  |9 255210 
650 0 |a Músicos alemanes  |9 306627 
650 0 |a Compositores alemanes  |9 324765 
700 0 |a Deucher, Sybil  |e author  |9 577218 
942 |c BK  |2 ddc 
945 |d 20141107 12:15:00  |a dcastane 
952 |0 0  |1 0  |3 erd  |4 0  |6 927_780000000000000_WHE_1941  |7 0  |8 X  |9 465563  |a FDOBUD  |b FDOBUD  |i 5106729  |o 927.780 WHE 1941  |p 5106729  |r 2019-11-23  |w 2019-11-23  |y BK_X  |z Catalogado en:20141107  |k BUD